Let's go. (Record no. 739)

MARC details
000 -LEADER
fixed length control field 00941cas a2200325 a 4500
005 - DATE AND TIME OF LATEST TRANSACTION
control field 20260322212032.0
008 - FIXED-LENGTH DATA ELEMENTS--GENERAL INFORMATION
fixed length control field data
010 ## - LIBRARY OF CONGRESS CONTROL NUMBER
LC control number sn 98038090
012 ## -
-- -3-7-0111300578-p-9804 a
022 0# - INTERNATIONAL STANDARD SERIAL NUMBER
International Standard Serial Number 1530-8251
037 ## - SOURCE OF ACQUISITION
Source of stock number/acquisition St. Martin's Press, 175 Fifth Ave., New York, NY 10010
040 ## - CATALOGING SOURCE
Original cataloging agency IC
Transcribing agency IC
Modifying agency InU
-- DLC
-- NSDP
-- DLC
-- InU
-- OCoLC
-- InU
042 ## - AUTHENTICATION CODE
Authentication code nsdp
-- nsdp
043 ## - GEOGRAPHIC AREA CODE
Geographic area code mm-----
-- mm-----
050 00 - LIBRARY OF CONGRESS CALL NUMBER
Classification number D909
Item number .H38
082 10 - DEWEY DECIMAL CLASSIFICATION NUMBER
Classification number 914
Edition information 13
092 ## - LOCALLY ASSIGNED DEWEY CALL NUMBER (OCLC)
Classification number 914.04 E892 2004
001 - CONTROL NUMBER
control field data
210 0# - ABBREVIATED TITLE
Abbreviated title Let's go, Eur.
222 #0 - KEY TITLE
Key title Let's go. Europe.
245 10 - TITLE STATEMENT
Title Let's go.
Name of part/section of a work Europe /
250 ## - EDITION STATEMENT
Edition statement 2004
260 ## - PUBLICATION, DISTRIBUTION, ETC.
Place of publication, distribution, etc. New York :
Name of publisher, distributor, etc. St. Martin's Press,
Date of publication, distribution, etc. c1998-
300 ## - PHYSICAL DESCRIPTION
Extent v. :
Other physical details maps (some col.) ;
Dimensions 21 cm.
310 ## - CURRENT PUBLICATION FREQUENCY
Current publication frequency Annual
362 0# - DATES OF PUBLICATION AND/OR SEQUENTIAL DESIGNATION
Dates of publication and/or sequential designation 1998-
651 #0 - SUBJECT ADDED ENTRY--GEOGRAPHIC NAME
Geographic name Europe
Form subdivision Guidebooks.
651 #0 - SUBJECT ADDED ENTRY--GEOGRAPHIC NAME
Geographic name Mediterranean Region
Form subdivision Guidebooks.
780 00 - PRECEDING ENTRY
Title Let's go. Budget guide to Europe
International Standard Serial Number 0163-4585
Record control number (DLC) 89646570
-- (DLC) 89646570
Holdings
Withdrawn status Lost status Damaged status Not for loan Home library Current library Shelving location Date acquired Total checkouts Full call number Barcode Date last seen Price effective from Koha item type
        Pleasant Valley Pleasant Valley General stacks 22/03/2026   914 13 BC0010757 22/03/2026 22/03/2026 Books